{"text_format":"2","workbook":"xlsx","n_sheets":9,"sheets":["FSUP","FSUP-I","FSUP-II","FSUP-III","FSUP-V","FSUP-VI","FSUP-VII","FSUP-VIII","PESQUISA DE PREÇOS"],"not_rendered":{"charts":0,"images":1,"macros":0,"external_links":0,"defined_names":8,"comments":1,"pivot_tables":0},"unopened":[],"bounds":{"document_bytes":16777216,"sheet_cells":100000,"run_cost":"one","rows_first":2000,"rows_last":500,"rows_between":2000,"halvings":0,"cell_chars":16384,"cell_head_chars":4096},"cells_cut":0,"cells_raw":0,"read":"whole","date_system":"1900"}

{"sheet":"FSUP","index":0,"n_rows":52,"n_cols":14,"rows_kept":52,"cut":false,"hidden":false,"merged":[[42,0,42,14],[44,0,44,14],[48,0,48,14],[49,0,49,14],[50,0,50,14],[37,0,37,8],[37,9,37,14],[38,0,38,12],[38,13,38,14],[39,0,39,12],[39,13,39,14],[34,0,34,12],[34,13,34,14],[35,0,35,12],[35,13,35,14],[36,0,36,8],[36,9,36,14],[31,0,31,12],[31,13,31,14],[32,0,32,12],[32,13,32,14],[33,0,33,12],[33,13,33,14],[28,0,28,12],[28,13,28,14],[29,0,29,12],[29,13,29,14],[30,0,30,14],[25,0,25,12],[25,13,25,14],[26,0,26,12],[26,13,26,14],[27,0,27,12],[27,13,27,14],[21,0,21,12],[21,13,21,14],[22,0,22,14],[23,0,23,14],[24,0,24,12],[24,13,24,14],[18,0,18,12],[18,13,18,14],[19,0,19,12],[19,13,19,14],[20,0,20,12],[20,13,20,14],[15,0,15,12],[15,13,15,14],[16,0,16,12],[16,13,16,14],[17,0,17,12],[17,13,17,14],[12,0,12,14],[13,0,13,12],[13,13,13,14],[14,0,14,12],[14,13,14,14],[9,0,9,5],[9,6,9,12],[9,13,9,14],[10,0,10,14],[11,0,11,14],[4,13,4,14],[5,13,5,14],[6,0,6,14],[7,0,7,14],[8,0,8,5],[8,6,8,12],[8,13,8,14],[4,0,5,12]]}
[{"$nulls":7},"Ministério do Desenvolvimento Regional - MDR "]
[{"$nulls":7},"Companhia de Desenvolvimento dos Vales do São Francisco e do Parnaíba"]
[]
[]
["PROPOSTA FINANCEIRA APOIO A FISC. E SUP. DE OBRA",{"$nulls":12},"CODIGO:"]
[{"$nulls":13},"FSUP"]
["NOME DA CONSULTORA:"]
[]
["PROJETO:",{"$nulls":5},"OBJETO:",{"$nulls":6},"EDITAL:"]
["APOIO À FISCALIZAÇÃO E SUPERVISÃO TÉCNICA DE OBRAS",{"$nulls":5},"APOIO À FISCALIZAÇÃO E SUPERVISÃO TÉCNICA DE CONTRATOS NA ÁREA DE ATUAÇÃO DA CODEVASF NO ESTADO DO PARÁ"]
["SERVIÇOS PAGOS A PREÇO UNITÁRIO"]
[]
["MÃO-DE-OBRA"]
["A1 - TOTAL DE SALÁRIO DA EQUIPE COM VÍNCULO ( FSUP-I )",{"$nulls":12},{"$f":"'FSUP-I'!K23","v":629967.35999999999}]
["A2 - TOTAL DE SALÁRIO DO AUTÔNOMO ( FSUP-I )",{"$nulls":12},{"$f":"'FSUP-I'!L23","v":0}]
["A - TOTAL DOS CUSTOS DE SALÁRIOS DA EQUIPE",{"$nulls":12},{"$f":"SUM(N14:O15)","v":629967.35999999999}]
["B1 - ENCARGOS SOCIAiS DE B1 ( 73,29% DO A1 )",{"$nulls":12},{"$f":"ROUND(N14*'FSUP-VII'!$F$51,2)","v":461703.08}]
["B2 - ENCARGOS SOCIAIS DE B2 ( 20% DO A2 )",{"$nulls":12},{"$f":"ROUND(N15*0.2,2)","v":0}]
["B - TOTAL DOS CUSTOS COM ENCARGOS SOCIAIS",{"$nulls":12},{"$f":"SUM(N17:O18)","v":461703.08}]
["C1 - CUSTO TOTAL DAS PASSAGENS AÉREAS E TERRESTRES ( FSUP-II )",{"$nulls":12},{"$f":"'FSUP-II'!F25","v":1543}]
["C2 - CUSTO TOTAL DAS DIÁRIAS ( FSUP-II )",{"$nulls":12},{"$f":"'FSUP-II'!K25","v":345340}]
["C - TOTAL DO CUSTO COM VIAGENS",{"$nulls":12},{"$f":"SUM(N20:O21)","v":346883}]
[]
["MANUTENÇÃO OPERACIONAL"]
["1 - CUSTO DOS VEÍCULOS ( FSUP-III, ITEM 1 )",{"$nulls":12},{"$f":"'FSUP-III'!G17","v":293466.59999999998}]
["2 - CUSTO DA MANUTENÇÃO E ADMINISTRAÇÃO DE ESCRITÓRIO ( FSUP-III, ITEM 2 )",{"$nulls":12},{"$f":"'FSUP-III'!G28","v":33205.75}]
["3 - CUSTO DOS EQUIPAMENTOS DE ESCRITÓRIO E FISCALIZAÇÃO ( FSUP-III, ITEM 3 )",{"$nulls":12},{"$f":"'FSUP-III'!G35","v":10742}]
["4 - CUSTO DOS SERVIÇOS GRÁFICOS / COMPUTAÇÃO ( FSUP-III, ITEM 4 )",{"$nulls":12},{"$f":"'FSUP-III'!G40","v":3512.8799999999997}]
["D - TOTAL DOS PREÇOS COM MANUTENÇÃO OPERACIONAL",{"$nulls":12},{"$f":"SUM(N25:O28)","v":340927.23}]
["TOTAL DOS CUSTOS DIRETOS",{"$nulls":12},{"$f":"N29+N22+N19+N16","v":1779480.67}]
[]
["E - CUSTOS DE ADMINISTRAÇÃO = ( 25% DO A )",{"$nulls":12},{"$f":"ROUND('FSUP-V'!$F$39*(N16),2)","v":157491.84}]
["F - REMUNERAÇÃO DA EMPRESA ( LUCRO ) = ( 10% DE A + B + C + D + E )",{"$nulls":12},{"$f":"ROUND(0.1*(N16+N19+N22+N29+N32),2)","v":193697.25}]
["G - DESPESAS FISCAIS = ( 16,62% DE A + B + C + D + E + F )",{"$nulls":12},{"$f":"ROUND(0.1662*(N16+N19+N22+N29+N32+N33),2)","v":354117.31}]
["TOTAL DOS CUSTOS INDIRETOS",{"$nulls":12},{"$f":"SUM(N32:O34)","v":705306.39999999991}]
["TOTAL DA PROPOSTA (R$)",{"$nulls":12},{"$f":"N35+N30","v":2484787.0699999998}]
["NOME DO INFORMANTE:",{"$nulls":8},"QUALIFICAÇÃO:"]
[{"$nulls":9},"ANALISTA EM DESENVOLVIMENTO REGIONAL DA CODEVASF"]
["ASSINATURA:",{"$nulls":12},"DATA:"]
[]
["OBSERVAÇÃO:"]
["ESTE ORÇAMENTO FOI CALCULADO COM OS SEGUINTES % MÁXIMOS DE ENCARGOS SOCIAIS E CUSTOS INDIRETOS: "]
["1. ENCARGOS SOCIAIS DE AUTÔNOMOS = 20% SOBRE O SALÁRIO MENSAL"]
["2. ENCARGOS SOCIAIS DA EQUIPE COM VÍNCULO = 73,29% SOBRE O SALÁRIO MENSAL"]
["3. CUSTO DE ADMINISTRAÇÃO = 25,00% SOBRE O TOTAL DE SALÁRIOS DA EQUIPE (A1 + A2)"]
["4. REMUNERAÇÃO DA EMPRESA (LUCRO) = 10,00% SOBRE OS ITENS DE CUSTOS DIRETOS + CUSTO DE ADMINISTRAÇÃO"]
["5. DF = A SOMA DOS TRIBUTOS (EX: ISS 5,00 + PIS 1,65 + COFINS 7,60 = 14,25%)"]
["6. DF' = UTILIZADO NA LINHA \"H\" SERÁ CALCULADO APLICANDO A SEGUINTE FÓRMULA:"]
["    DF' = { [ 1 / ( 1 - DF) ] - 1 } x 100"]
["    DF' = { [ 1 / ( 1 - 0,1425 ) ] - 1 } x 100"]
["    DF' = 0,1662  ou  16,62%"]
["7. NÃO foram incluídos os tributos IRPJ e CSLL, em cumprimento ao Acórdão nº 325/2007 – TCU – Plenário."]

{"sheet":"FSUP-I","index":1,"n_rows":55,"n_cols":12,"rows_kept":55,"cut":false,"hidden":false,"merged":[[7,0,7,11],[8,1,8,9],[8,10,8,11],[45,0,45,2],[48,0,48,2],[26,0,26,9],[4,0,5,9],[22,0,22,9],[23,6,23,11],[24,6,24,11],[25,0,25,9],[9,1,9,9],[9,10,9,11],[10,0,10,2],[10,3,10,9],[10,10,10,11],[4,10,4,11],[5,10,5,11],[6,0,6,11]]}
["                Ministério da Integração Nacional - MI"]
["                Companhia de Desenvolvimento dos Vales do São Francisco e do Parnaíba"]
[]
[]
["SALÁRIOS DA EQUIPE TÉCNICA",{"$nulls":9},"CODIGO:"]
[{"$nulls":10},"FSUP-I"]
["NOME DA CONSULTORA:"]
[{"$f":"FSUP!A8","v":0}]
["PROJETO:","OBJETO:",{"$nulls":8},"EDITAL:"]
[{"$f":"FSUP!A10","v":"APOIO À FISCALIZAÇÃO E SUPERVISÃO TÉCNICA DE OBRAS"},{"$f":"FSUP!G10","v":"APOIO À FISCALIZAÇÃO E SUPERVISÃO TÉCNICA DE CONTRATOS NA ÁREA DE ATUAÇÃO DA CODEVASF NO ESTADO DO PARÁ"}]
["EQUIPE TÉCNICA",null,null,"COMPOSIÇÃO DOS SALÁRIOS POR PROFISSÃO/FUNÇÃO",{"$nulls":6},"CUSTOS"]
[null,null,null,"SALÁRIO","ENC.","CUSTO","R. EMP.","DESP.","SALÁRIO","HORA","SALÁRIO","SALÁRIO"]
["PROFISSÃO/FUNÇÃO","S","QTD","CATEG.","SOCIAIS","ADM.","LUCRO","FISCAIS","MENSAL","TÉCNICA","A1","A2"]
["(1)","(2)","(3)","(4)","(5)","(6)","(7)","(8)","(9)","(10)","(11)","(12)"]
["NÍVEL SUPERIOR"]
["ENGENHEIRO COORDENADOR E DE APOIO","P2",12,11711.04,{"$f":"ROUND(D16*'FSUP-VII'!$F$51,2)","v":8583.02},{"$f":"ROUND(D16*0.23,2)","v":2693.54},{"$f":"ROUND(0.1*(D16+E16+F16),2)","v":2298.7600000000002},{"$f":"ROUND(0.1662*(D16+E16+F16+G16),2)","v":4202.59},{"$f":"SUM(D16:H16)","v":29488.95},{"$f":"ROUND(I16/176,2)","v":167.55},{"$f":"ROUND(C16*D16,2)","v":140532.48000000001}]
["ENGENHEIRO DE APOIO À FISCALIZAÇÃO","P3",24,9724,{"$f":"ROUND(D17*'FSUP-VII'!$F$51,2)","v":7126.72},{"$f":"ROUND(D17*0.23,2)","v":2236.52},{"$f":"ROUND(0.1*(D17+E17+F17),2)","v":1908.72},{"$f":"ROUND(0.1662*(D17+E17+F17+G17),2)","v":3489.53},{"$f":"SUM(D17:H17)","v":24485.49},{"$f":"ROUND(I17/176,2)","v":139.12},{"$f":"ROUND(C17*D17,2)","v":233376}]
[null,null,{"$f":"C48*$E$43*12","v":0}]
["NIVÉL TÉCNICO",null,0]
["TÉCNICO, LABORATORISTA OU CADISTA","T2",24,4033.92,{"$f":"ROUND(D20*'FSUP-VII'!$F$51,2)","v":2956.46},{"$f":"ROUND(D20*0.23,2)","v":927.8},{"$f":"ROUND(0.1*(D20+E20+F20),2)","v":791.82},{"$f":"ROUND(0.1662*(D20+E20+F20+G20),2)","v":1447.6},{"$f":"SUM(D20:H20)","v":10157.6},{"$f":"ROUND(I20/176,2)","v":57.71},{"$f":"ROUND(C20*D20,2)","v":96814.080000000002}]
["TOPÓGRAFO","T1",24,4781.92,{"$f":"ROUND(D21*'FSUP-VII'!$F$51,2)","v":3504.67},{"$f":"ROUND(D21*0.23,2)","v":1099.8399999999999},{"$f":"ROUND(0.1*(D21+E21+F21),2)","v":938.64},{"$f":"ROUND(0.1662*(D21+E21+F21+G21),2)","v":1716.03},{"$f":"SUM(D21:H21)","v":12041.1},{"$f":"ROUND(I21/176,2)","v":68.42},{"$f":"ROUND(C21*D21,2)","v":114766.08}]
["AUXILIAR DE TOPÓGRAFO","T3",24,1853.28,{"$f":"ROUND(D22*'FSUP-VII'!$F$51,2)","v":1358.27},{"$f":"ROUND(D22*0.23,2)","v":426.25},{"$f":"ROUND(0.1*(D22+E22+F22),2)","v":363.78},{"$f":"ROUND(0.1662*(D22+E22+F22+G22),2)","v":665.06},{"$f":"SUM(D22:H22)","v":4666.6399999999994},{"$f":"ROUND(I22/176,2)","v":26.52},{"$f":"ROUND(C22*D22,2)","v":44478.720000000001}]
["TOTAIS DOS SALÁRIOS DA EQUIPE (R$)",{"$nulls":9},{"$f":"SUM(K15:K22)","v":629967.35999999999},{"$f":"SUM(L15:L22)","v":0}]
["NOME DO INFORMANTE:",{"$nulls":5},"QUALIFICAÇÃO:"]
[{"$f":"FSUP!A38","v":0},{"$nulls":5},{"$f":"FSUP!J38","v":"ANALISTA EM DESENVOLVIMENTO REGIONAL DA CODEVASF"}]
["ASSINATURA:",{"$nulls":9},"DATA:"]
[]
["OBSERVAÇÃO:"]
["1 - DESCRIÇÃO DO PROFISSIONAL/FUNÇÃO"]
["2- CLASSIFICAÇÃO DA EXPERIÊNCIA DO PROFISSIONAL"]
["3- QUANTIDADE EM HOMENS X MÊS, POR CATEGORIA. CALCULO Nº DE PROFISSIONAIS PELO PRAZO EM MESES."]
["4- SALÁRIO BASE DA CATEGORIA"]
["5 - ENC. SOCIAIS, APLICAR NO MÁXIMO 20% PARA AUTÔNOMOS E 73,29% PARA EMPREG. COM VÍNCULO DETALHAR NO FSUP-VII"]
["6- CUSTO DE ADMINISTRAÇÃO, APLICAR NO MÁXIMO 25% SOBRE O SALÁRIO BASE DA CATEGORIA"]
["7 - REMUN. DA EMPRESA (LUCRO), APLICAR NO MÁXIMO 10% SOBRE O SALÁRIO DA CATEG + ENCARGOS SOCIAIS + CUSTO DE ADM"]
["8 - DESP. FISCAIS, APLICAR O DF' CALCULADO NO FSUP-VI SOBRE O SALÁRIO DA CATEG. + ENC. SOCIAIS + CUSTO DE ADM. + LUCRO"]
["9- PREÇO DO HOMEM MÊS POR CATEGORIA = SOMATÓRIO DOS ITENS (4) + (5) + (6) + (7) +(8)"]
["10- PREÇO DA HORA TÉCNICA = (9) / 176"]
["11 - SALÁRIOS DE A1 = SALARIO DOS EMPREGADOS COM VÍNCULO X QTD HOMEM MÊS. EXPORTAR O TOTAL PARA LINHA A1 DO FSUP"]
["12 - SALÁRIOS DE A2 = SALÁRIO DO AUTÔNOMO X QTD HOMEM X MÊS. EXPORTAR O TOTAL PARA A LINHA A2 DO FSUP"]
[]
[]
["EQUIPE BASE",null,null,"Equipes",2]
[]
["PROFISSÃO/FUNÇÃO","S","QTD"]
["NÍVEL SUPERIOR"]
["ENGENHEIRO DE APOIO À FISCALIZAÇÃO","P3",1]
[]
["NIVÉL TÉCNICO"]
["TÉCNICO, LABORATORISTA OU CADISTA","T2",1]
["TOPÓGRAFO","T1",1]
["AUXILIAR DE TOPÓGRAFO","T3",1]
[]
["PARA TODOS OS LOTES FOI CONSIDERADO 01 CORRDENADOR PARA TODAS AS EQUIPES"]
["ENGENHEIRO COORDENADOR E DE APOIO","P2",1]

{"sheet":"FSUP-II","index":2,"n_rows":38,"n_cols":13,"rows_kept":38,"cut":false,"hidden":false,"merged":[[24,0,24,3],[27,0,27,10],[28,0,28,10],[29,0,29,12],[11,2,12,2],[11,3,12,3],[11,8,12,8],[10,2,10,7],[10,8,10,12],[11,4,11,5],[11,6,11,7],[11,9,11,10],[11,11,11,12],[4,11,4,12],[5,11,5,12],[6,0,6,12],[8,2,8,10],[9,2,9,10],[4,0,5,10]]}
[null,"           Ministério da Integração Nacional - MI"]
[null,"           Companhia de Desenvolvimento dos Vales do São Francisco e do Parnaíba"]
[]
[]
["VIAGENS DA EQUIPE TÉCNICA",{"$nulls":10},"CODIGO:"]
[{"$nulls":11},"FSUP-II"]
["NOME DA CONSULTORA:"]
[{"$f":"FSUP!A8","v":0}]
["PROJETO:",null,"OBJETO:",{"$nulls":8},"EDITAL:"]
[{"$f":"FSUP!A10","v":"APOIO À FISCALIZAÇÃO E SUPERVISÃO TÉCNICA DE OBRAS"},null,{"$f":"FSUP!G10","v":"APOIO À FISCALIZAÇÃO E SUPERVISÃO TÉCNICA DE CONTRATOS NA ÁREA DE ATUAÇÃO DA CODEVASF NO ESTADO DO PARÁ"}]
[null,null,"PASSAGENS",{"$nulls":5},"DIÁRIAS"]
["SÍMBOLO","ROTEIRO","A/T","QTD","CUSTO (R$)",null,"PREÇO (R$)",null,"QTD","CUSTO (R$)",null,"PREÇO (R$)"]
[{"$nulls":4},"UNITÁRIO","TOTAL","UNITÁRIO","TOTAL",null,"UNITÁRIO","TOTAL","UNITÁRIO","TOTAL"]
["P2","BELÉM - BRASILIA - BELÉM","T",2,771.5,{"$f":"ROUND(D14*E14,2)","v":1543},{"$f":"IF(E14<>0,E14*(1+0.1)*(1+0.1662),0)","v":989.69563000000005},{"$f":"ROUND(D14*G14,2)","v":1979.39},{"$f":"D14*2","v":4},295,{"$f":"ROUND(I14*J14,2)","v":1180},{"$f":"IF(J14<>0,J14*(1+0.1)*(1+0.1662),0)","v":378.43189999999998},{"$f":"ROUND(I14*L14,2)","v":1513.73}]
["P3","VIAGENS NO ESTADO","T",null,",",null,null,null,{"$f":"'FSUP-I'!E43*15*12","v":360},239,{"$f":"ROUND(I15*J15,2)","v":86040},{"$f":"IF(J15<>0,J15*(1+0.1)*(1+0.1662),0)","v":306.59397999999999},{"$f":"ROUND(I15*L15,2)","v":110373.83}]
["T1","VIAGENS NO ESTADO","T",{"$nulls":5},{"$f":"I15","v":360},239,{"$f":"ROUND(I16*J16,2)","v":86040},{"$f":"IF(J16<>0,J16*(1+0.1)*(1+0.1662),0)","v":306.59397999999999},{"$f":"ROUND(I16*L16,2)","v":110373.83}]
["T2","VIAGENS NO ESTADO","T",{"$nulls":5},{"$f":"I16","v":360},239,{"$f":"ROUND(I17*J17,2)","v":86040},{"$f":"IF(J17<>0,J17*(1+0.1)*(1+0.1662),0)","v":306.59397999999999},{"$f":"ROUND(I17*L17,2)","v":110373.83}]
["T3","VIAGENS NO ESTADO","T",{"$nulls":5},{"$f":"I17","v":360},239,{"$f":"ROUND(I18*J18,2)","v":86040},{"$f":"IF(J18<>0,J18*(1+0.1)*(1+0.1662),0)","v":306.59397999999999},{"$f":"ROUND(I18*L18,2)","v":110373.83}]
[]
[]
[]
[]
[]
[]
["TOTAIS DE CUSTOS E DE PREÇOS DE PASSAGENS E DIÁRIAS (R$)",{"$nulls":4},{"$f":"SUM(F14:F24)","v":1543},null,{"$f":"SUM(H14:H24)","v":1979.39},null,null,{"$f":"SUM(K14:K24)","v":345340},null,{"$f":"SUM(M14:M24)","v":443009.05000000005}]
["NOME DO INFORMANTE:",{"$nulls":5},"QUALIFICAÇÃO:"]
[{"$f":"FSUP!A38","v":0},{"$nulls":5},{"$f":"FSUP!J38","v":"ANALISTA EM DESENVOLVIMENTO REGIONAL DA CODEVASF"}]
["ASSINATURA:",{"$nulls":10},"DATA:"]
[]
["OBSERVAÇÃO:"]
["1 - VIAGENS DURANTE A EXECUÇÃO DOS SERVIÇOS"]
["2 - NÃO INCLUIR VIAGENS COM MOBILIZAÇÃO/DESMOBILIZAÇÃO DA EQUIPE QUE SERÃO CALCULADOS NO PSUP-IV"]
["3 - AS DIÁRIAS COBREM DESPESAS COM ALIMENTAÇÃO E HOSPEDAGEM"]
["4 - INDICAR (A) PARA AS PASSAGENS AÉREAS E (T) PARA AS TERRESTRES"]
["5 - CUSTO DO ITEM SEM LUCRO E SEM DESPESAS FISCAIS"]
["6 - PREÇO = CUSTO + LUCRO+ DESPESAS FISCAIS E SERÁ CALCULADO COM A SEGUINTE FORMULA:CUSTO*(1+0,1)*(1 +0,1662)"]
["6 - EXPORTAR O TOTAL DO CUSTO COM PASSAGENS E DIÁRIAS, RESPECTIVAMENTE, LINHAS \"C1\" E \"C2\" DO PSUP"]
["7 - OS PREÇOS UNITÁRIOS SERÃO UTILIZADOS PARA FINS DE FATURARAMENTO"]

{"sheet":"FSUP-III","index":3,"n_rows":49,"n_cols":9,"rows_kept":49,"cut":false,"hidden":false,"merged":[[4,0,5,7],[10,0,11,2],[46,0,46,8],[47,0,47,8],[48,0,48,8],[31,0,31,2],[32,0,32,2],[23,0,23,2],[24,0,24,2],[25,0,25,2],[26,0,26,2],[27,0,27,4],[18,0,18,2],[19,0,19,2],[20,0,20,2],[21,0,21,2],[49,0,49,8],[10,3,11,3],[10,4,11,4],[38,0,38,2],[39,0,39,4],[42,1,42,4],[44,0,44,8],[45,0,45,8],[33,0,33,2],[34,0,34,4],[35,0,35,2],[36,0,36,2],[37,0,37,2],[28,0,28,2],[29,0,29,2],[30,0,30,2],[22,0,22,2],[13,0,13,2],[14,0,14,2],[15,0,15,2],[16,0,16,4],[17,0,17,2],[9,0,9,1],[9,2,9,7],[10,5,10,6],[10,7,10,8],[12,0,12,2]]}
[null,null,"Ministério da Integração Nacional - MI"]
[null,null,"Companhia de Desenvolvimento dos Vales do São Francisco e do Parnaíba"]
[]
[]
["DESPESAS OPERACIONAIS",{"$nulls":7},"CODIGO:"]
[{"$nulls":8},"FSUP-III"]
["NOME DA CONSULTORA:"]
[{"$f":"FSUP!A8","v":0}]
["PROJETO:",null,"OBJETO:",{"$nulls":5},"EDITAL:"]
[{"$f":"FSUP!A10","v":"APOIO À FISCALIZAÇÃO E SUPERVISÃO TÉCNICA DE OBRAS"},null,{"$f":"FSUP!G10","v":"APOIO À FISCALIZAÇÃO E SUPERVISÃO TÉCNICA DE CONTRATOS NA ÁREA DE ATUAÇÃO DA CODEVASF NO ESTADO DO PARÁ"}]
["DISCRIMINAÇÃO",null,null,"UNID.","QUANT.","CUSTOS (R$)",null,"PREÇOS (R$)"]
[{"$nulls":5},"UNITÁRIO","TOTAL","UNITÁRIO","TOTAL"]
[]
["1. VEÍCULOS"]
["1.1 ALUGUEL - VEÍCULO TIPO PICK-UP CABINE DUPLA 4X4 (163 CV) ",null,null,"UND X MÊS",36,5855.33,{"$f":"IF(E15<>0,ROUND(E15*F15,2),\"\")","v":210791.88},{"$f":"IF(F15<>0,F15*(1+0.1)*(1+0.1662),0)","v":7511.3344305999999},{"$f":"IF(E15<>0,ROUND(E15*H15,2),\"\")","v":270408.03999999998}]
["1.2 ALUGUEL - VEÍCULO TIPO LEVE SEDAN (1.4 OU SUPERIOR)",null,null,"UND X MÊS",24,3444.78,{"$f":"IF(E16<>0,ROUND(E16*F16,2),\"\")","v":82674.720000000001},{"$f":"IF(F16<>0,F16*(1+0.1)*(1+0.1662),0)","v":4419.0326796000008},{"$f":"IF(E16<>0,ROUND(E16*H16,2),\"\")","v":106056.78}]
["TOTAL DOS CUSTOS DOS VEÍCULOS (R$)",{"$nulls":5},{"$f":"SUM(G15:G16)","v":293466.59999999998},null,{"$f":"SUM(I15:I16)","v":376464.81999999995}]
[]
["2. MANUTENÇÃO E ADMINISTRAÇÃO DE ESCRITÓRIO"]
["2.1 ALUGUEL  - ESCRITÓRIO APOIO LOGÍSTICO",null,null,"UND X MÊS",12,{"$f":"'PESQUISA DE PREÇOS'!E2","v":1615},{"$f":"IF(E20<>0,ROUND(E20*F20,2),\"\")","v":19380},{"$f":"IF(F20<>0,F20*(1+0.1)*(1+0.1662),0)","v":2071.7543000000001},{"$f":"IF(E20<>0,ROUND(E20*H20,2),\"\")","v":24861.05}]
["2.2 MOBILIÁRIO - ESCRITÓRIO APOIO LOGÍSTICO",null,null,"UND X MÊS",12,{"$f":"'PESQUISA DE PREÇOS'!N2","v":163.14450000000002},1957.73,209.28502749000003,2511.42]
["2.3 TELEFONE / INTERNET",null,null,"UND X MÊS",12,{"$f":"'PESQUISA DE PREÇOS'!S7","v":113.29333333333334},1359.52,145.33495386666667,1744.02]
["2.4 TELEFONE CELULAR",null,null,"UND X MÊS",{"$f":"E16+E15","v":60},{"$f":"'PESQUISA DE PREÇOS'!Y2","v":60.081000000000003},3604.86,77.073108419999997,4624.3900000000003]
["2.5 ENERGIA ELÉTRICA (350 KWH)",null,null,"UND X MÊS",12,{"$f":"'PESQUISA DE PREÇOS'!AB2","v":268.08949999999999},3217.07,343.91057239000003,4126.93]
["2.6 ÁGUA E ESGOTO",null,null,"UND X MÊS",12,{"$f":"'PESQUISA DE PREÇOS'!AE2","v":182.82999999999998},2193.96,234.53798059999997,2814.46]
["2.7 MATERIAL DE ESCRITÓRIO",null,null,"UND X MÊS",12,{"$f":"'PESQUISA DE PREÇOS'!AJ2","v":84.649999999999991},1015.8,108.59071299999998,1303.0899999999999]
["2.8 MATERIAL DE LIMPEZA",null,null,"UND X MÊS",12,{"$f":"'PESQUISA DE PREÇOS'!AO2","v":39.734166666666667},476.81,50.971783683333335,611.66]
["TOTAL DOS CUSTOS DE MANUTENÇÃO E ADMINISTRAÇÃO DE ESCRITÓRIO (R$)",{"$nulls":5},{"$f":"SUM(G20:G27)","v":33205.75},null,{"$f":"SUM(I20:I27)","v":42597.020000000004}]
[]
["3. EQUIPAMENTOS DIVERSOS"]
["3.1 ALUGUEL - NOTEBOOK PARA FISCALIZAÇÃO",null,null,"UND X MÊS",{"$f":"E15+E16","v":60},{"$f":"'PESQUISA DE PREÇOS'!AY2","v":62.833333333333336},{"$f":"IF(E31<>0,ROUND(E31*F31,2),\"\")","v":3770},{"$f":"IF(F31<>0,F31*(1+0.1)*(1+0.1662),0)","v":80.603856666666672},{"$f":"IF(E31<>0,ROUND(E31*H31,2),\"\")","v":4836.2299999999996}]
["3.2 ALUGUEL - IMPRESSORA MULTIFUNCIONAL",null,null,"UND X MÊS",12,{"$f":"'PESQUISA DE PREÇOS'!BI2","v":22.333333333333332},{"$f":"IF(E32<>0,ROUND(E32*F32,2),\"\")","v":268},{"$f":"IF(F32<>0,F32*(1+0.1)*(1+0.1662),0)","v":28.649646666666666},{"$f":"IF(E32<>0,ROUND(E32*H32,2),\"\")","v":343.8}]
["3.3 ALUGUEL - EQUIPAMENTO TOPOGRAFIA - ESTAÇÃO TOTAL E ACESSORIOS",null,null,"UND X MÊS",24,{"$f":"'PESQUISA DE PREÇOS'!BS2","v":261.66666666666669},{"$f":"IF(E33<>0,ROUND(E33*F33,2),\"\")","v":6280},{"$f":"IF(F33<>0,F33*(1+0.1)*(1+0.1662),0)","v":335.67123333333336},{"$f":"IF(E33<>0,ROUND(E33*H33,2),\"\")","v":8056.11}]
["3.4 ALUGUEL - GPS DE MÃO (02 X 12 MESES)",null,null,"UND X MÊS",24,{"$f":"'PESQUISA DE PREÇOS'!CC2","v":17.666666666666668},{"$f":"IF(E34<>0,ROUND(E34*F34,2),\"\")","v":424},{"$f":"IF(F34<>0,F34*(1+0.1)*(1+0.1662),0)","v":22.663153333333337},{"$f":"IF(E34<>0,ROUND(E34*H34,2),\"\")","v":543.91999999999996}]
["TOTAL DOS CUSTOS DOS EQUIPAMENTOS DIVERSOS (R$)",{"$nulls":5},{"$f":"SUM(G31:G34)","v":10742},null,{"$f":"SUM(I31:I34)","v":13780.06}]
[]
["4. SERVIÇOS GRÁFICOS / COMPUTAÇÃO",{"$nulls":5},{"$f":"IF(E37<>0,ROUND(E37*F37,2),\"\")","v":""},{"$f":"IF(F37<>0,F37*(1+0.1)*(1+0.1662),\"\")","v":""},{"$f":"IF(E37<>0,ROUND(E37*H37,2),\"\")","v":""}]
["4.1 PLOTAGEM FORMATO A-1 ( 04 POR EQUIPE POR MÊS)",null,null,"UND",{"$f":"'FSUP-I'!E43*4*12","v":96},32.08,{"$f":"IF(E38<>0,ROUND(E38*F38,2),\"\")","v":3079.68},{"$f":"IF(F38<>0,F38*(1+0.1)*(1+0.1662),0)","v":41.152865599999998},{"$f":"IF(E38<>0,ROUND(E38*H38,2),\"\")","v":3950.68}]
["4.3 RELATÓRIO MENSAL ( 01 POR EQUIPE POR MÊS)",null,null,"UND",24,18.05,{"$f":"IF(E39<>0,ROUND(E39*F39,2),\"\")","v":433.2},{"$f":"IF(F39<>0,F39*(1+0.1)*(1+0.1662),0)","v":23.154901000000002},{"$f":"IF(E39<>0,ROUND(E39*H39,2),\"\")","v":555.72}]
["TOTAL DOS CUSTOS DOS SERVIÇOS GRÁFICOS / COMPUTAÇÃO (R$)",{"$nulls":5},{"$f":"SUM(G38:G39)","v":3512.8799999999997},null,{"$f":"SUM(I38:I39)","v":4506.3999999999996}]
["NOME DO INFORMANTE:",null,null,"QUALIFICAÇÃO:"]
[{"$f":"FSUP!A38","v":0},null,null,{"$f":"FSUP!J38","v":"ANALISTA EM DESENVOLVIMENTO REGIONAL DA CODEVASF"}]
["ASSINATURA:",{"$nulls":6},"DATA:"]
[{"$nulls":7},{"$f":"FSUP!N40","v":"00:00:00"}]
["OBSERVAÇÃO:"]
["1. ALUGUEL DE VEÍCULOS INCLUI COMBUSTÍVEL E MANUTENÇÃO"]
["2. CUSTO DO ITEM SEM LUCRO E DESPESAS FISCAIS"]
["3. PREÇO = CUSTO + LUCRO + DESPESAS FISCAIS. PARA CALCULAR O PREÇO APLICA-SE A SEGUINTE FÓRMULA: CUSTO*(1+0,1)*(1+0,1662)"]
["4. EXPORTAR \" TOTAL CUSTO\" PARA A LINHA CORRESPONDE NO FSUP. OS PREÇOS SERÃO APLICADOS PARA FINS DE FATURAMENTO"]

{"sheet":"FSUP-V","index":4,"n_rows":44,"n_cols":7,"rows_kept":44,"cut":false,"hidden":false,"merged":[[4,0,5,5],[43,0,43,6],[44,0,44,6],[45,0,45,6],[46,0,46,6],[10,0,11,0],[10,1,11,4],[40,0,40,2],[40,3,40,6],[41,0,41,4],[41,5,41,6],[42,0,42,4],[42,5,42,6],[12,1,12,4],[13,1,13,4],[14,1,14,4],[38,1,38,4],[39,0,39,2],[39,3,39,6],[6,0,6,6],[7,0,7,6],[9,0,9,1],[9,2,9,5],[10,5,10,6]]}
[null,null,"Ministério da Integração Nacional - MI"]
[null,null,"Companhia de Desenvolvimento dos Vales do São Francisco e do Parnaíba"]
[]
[]
["DETALHAMENTO DO CUSTO DE ADMINISTRAÇÃO",{"$nulls":5},"CODIGO:"]
[{"$nulls":6},"PFS-V"]
["NOME DA CONSULTORA:"]
[{"$f":"FSUP!A8","v":0}]
["PROJETO:",null,"OBJETO:",null,null,null,"EDITAL:"]
[{"$f":"FSUP!A10","v":"APOIO À FISCALIZAÇÃO E SUPERVISÃO TÉCNICA DE OBRAS"},null,{"$f":"FSUP!G10","v":"APOIO À FISCALIZAÇÃO E SUPERVISÃO TÉCNICA DE CONTRATOS NA ÁREA DE ATUAÇÃO DA CODEVASF NO ESTADO DO PARÁ"}]
["SEQ.","DISCRIMINAÇÃO",null,null,null,"VALORES"]
[{"$nulls":5},"%","R$"]
[1,"CUSTOS DA EQUIPE DA ADMINISTRAÇÃO CENTRAL DA EMPRESA CONSULTORA(DIRETORIA, PESSOAL TÉCNICO DE APOIO E PESSOAL ADMINISTRATIVO NÃO DIRETAMENTE VINCULADO À PRESTAÇÃO DOS SERVIÇOS",null,null,null,0.18,{"$f":"F13*'FSUP-I'!$K$23","v":113394.12479999999}]
[2,"OUTRAS DESPESAS QUE AFETAM O CUSTO DE PRODUÇÃO COMO TREINAMENTO, BIBLIOTECA, PROGRAMA DE QUALIDADE, AUDITORIA INTERNA E EXTERNA",null,null,null,0.04,{"$f":"F14*'FSUP-I'!$K$23","v":25198.6944}]
[3,"DESPESAS COM ALUGUÉIS, COMUNICAÇÃO, MANUTENÇÃO E TRANSPORTE NÃO DIRETAMENTE RELACIONADOS COM O CUSTO DIRETO DOS SERVIÇOS",null,null,null,0.03,{"$f":"F15*'FSUP-I'!$K$23","v":18899.020799999998}]
{"$rows_empty":23}
[null,"TOTAIS DO CUSTO DE ADMINISTRAÇÃO",null,null,null,{"$f":"SUM(F13:F38)","v":0.25},{"$f":"SUM(G13:G38)","v":157491.84}]
["NOME DO INFORMANTE:",null,null,"QUALIFICAÇÃO:"]
[{"$f":"FSUP!A38","v":0},null,null,{"$f":"FSUP!J38","v":"ANALISTA EM DESENVOLVIMENTO REGIONAL DA CODEVASF"}]
["ASSINATURA:",{"$nulls":4},"DATA:"]
[{"$nulls":5},{"$f":"FSUP!N40","v":"00:00:00"}]
["OBSERVAÇÃO:"]

{"sheet":"FSUP-VI","index":5,"n_rows":50,"n_cols":8,"rows_kept":50,"cut":false,"hidden":false,"merged":[[4,0,5,6],[10,0,11,4],[46,0,46,7],[47,0,47,7],[48,0,48,7],[36,0,36,4],[38,0,38,2],[38,3,38,7],[40,0,40,4],[40,5,40,7],[31,0,31,4],[32,0,32,4],[33,0,33,4],[34,0,34,4],[35,0,35,4],[26,0,26,4],[49,0,49,7],[50,0,50,7],[41,0,41,7],[42,0,42,7],[43,0,43,7],[44,0,44,7],[45,0,45,7],[27,0,27,4],[28,0,28,4],[29,0,29,4],[30,0,30,4],[13,0,13,4],[14,0,14,4],[15,0,15,4],[16,0,16,4],[25,0,25,4],[6,0,6,7],[9,0,9,1],[9,2,9,6],[10,5,10,7],[12,0,12,4]]}
[null,null,"Ministério da Integração Nacional - MI"]
[null,null,"Companhia de Desenvolvimento dos Vales do São Francisco e do Parnaíba"]
[]
[]
["DETALHAMENTO DAS DESPESAS FISCAIS",{"$nulls":6},"CODIGO:"]
[{"$nulls":7},"PFS-VI"]
["NOME DA CONSULTORA:"]
[{"$f":"FSUP!A8","v":0}]
["PROJETO:",null,"OBJETO:",{"$nulls":4},"EDITAL:"]
[{"$f":"FSUP!A10","v":"APOIO À FISCALIZAÇÃO E SUPERVISÃO TÉCNICA DE OBRAS"},null,{"$f":"FSUP!G10","v":"APOIO À FISCALIZAÇÃO E SUPERVISÃO TÉCNICA DE CONTRATOS NA ÁREA DE ATUAÇÃO DA CODEVASF NO ESTADO DO PARÁ"}]
["DISCRIMINAÇÃO",{"$nulls":4},"VALORES"]
[{"$nulls":5},"PA (%)","PA' (%)","R$"]
[]
["1 - ISS",{"$nulls":4},5,{"$f":"ROUND((1/(1-$F$37/100))*F14,2)","v":5.71},{"$f":"(G14/100)*(FSUP!$N$30+FSUP!$N$32+FSUP!$N$33)","v":121661.24329599999}]
["2 - PIS",{"$nulls":4},1.32,{"$f":"ROUND((1/(1-$F$37/100))*F15+0.01,2)","v":1.52},{"$f":"(G15/100)*(FSUP!$N$30+FSUP!$N$32+FSUP!$N$33)","v":32386.180351999996}]
["3 - COFINS",{"$nulls":4},6.08,{"$f":"ROUND((1/(1-$F$37/100))*F16,2)","v":6.94},{"$f":"(G16/100)*(FSUP!$N$30+FSUP!$N$32+FSUP!$N$33)","v":147868.481344}]
{"$rows_empty":20}
["TOTAIS DE DESPESAS FISCAIS ",{"$nulls":4},{"$f":"F14+F15+F16","v":12.4},{"$f":"G14+G15+G16","v":14.170000000000002},{"$f":"SUM(H13:H36)","v":301915.90499199997}]
["NOME DO INFORMANTE:",null,null,"QUALIFICAÇÃO:"]
[{"$f":"FSUP!A38","v":0},null,null,{"$f":"FSUP!J38","v":"ANALISTA EM DESENVOLVIMENTO REGIONAL DA CODEVASF"}]
["ASSINATURA:",{"$nulls":4},"DATA:"]
[]
["OBSERVAÇÃO:"]
["1 - DISCRIMINAR OS TRIBUTOS QUE INCIDEM SOBRE OS CUSTOS DA PRESTAÇÃO DOS SERVIÇOS"]
["2 - DF = INDICAR OS % DE CADA TRIBUTO E A SOMA DOS MESMOS (ex: ISS 5% + PIS 1,65% + COFINS 7,60% = 14,25%)"]
["3 - AS DESPESAS FISCAIS (DF) INCIDEM SOBRE O TOTAL DA FATURA E NÃO SOBRE OS CUSTOS INCORRIDOS,"]
["DEVENDO SER CALCULADO O DF' APLICANDO-SE A SEGUINTE FÓRMULA:"]
["DF' = { [ 1 / ( 1 - DF) ] - 1 } x 100"]
["DF' = { [ 1 / ( 1 - 0,1425 ) ] - 1 } x 100"]
["DF' = 0,1662 ou 16,62% . APLICAR O % ENCONTRADO NA LINHA \"G\" DO FSUP PARA CALCULAR AS DESPESAS FISCAIS"]
["O TOTAL CALCULADO NA LINHA \"G\" DO PFSUP SERÁ IMPORTADO PARA COMPOR ESTE DETALHAMENTO."]

{"sheet":"FSUP-VII","index":6,"n_rows":56,"n_cols":7,"rows_kept":56,"cut":false,"hidden":false,"merged":[[4,0,5,5],[52,0,52,2],[52,3,52,6],[53,0,53,4],[53,5,53,6],[42,1,42,4],[43,0,43,4],[44,0,44,6],[45,1,45,4],[46,1,46,4],[37,1,37,4],[38,1,38,4],[39,1,39,4],[40,1,40,4],[41,1,41,4],[32,1,32,4],[54,0,54,4],[54,5,54,6],[47,1,47,4],[48,0,48,4],[50,0,50,4],[51,0,51,2],[51,3,51,6],[33,1,33,4],[34,1,34,4],[35,0,35,4],[36,1,36,6],[27,1,27,4],[28,1,28,4],[29,1,29,4],[30,1,30,4],[31,1,31,4],[22,0,22,4],[23,0,23,5],[24,1,24,4],[25,1,25,4],[26,1,26,4],[17,1,17,4],[18,1,18,4],[19,1,19,4],[20,1,20,4],[21,1,21,4],[12,1,12,4],[13,1,13,4],[14,1,14,4],[15,1,15,4],[16,1,16,4],[6,0,6,6],[7,0,7,6],[9,0,9,1],[9,2,9,5],[10,5,10,6],[10,0,11,4]]}
[null,null,"Ministério da Integração Nacional - MI"]
[null,null,"Companhia de Desenvolvimento dos Vales do São Francisco e do Parnaíba"]
[]
[]
["DETALHAMENTO DOS ENCARGOS SOCIAIS",{"$nulls":5},"CODIGO:"]
[{"$nulls":6},"FSUP-VII"]
["NOME DA CONSULTORA:"]
[{"$f":"FSUP!A8","v":0}]
["PROJETO:",null,"OBJETO:",null,null,null,"EDITAL:"]
[{"$f":"FSUP!A10","v":"APOIO À FISCALIZAÇÃO E SUPERVISÃO TÉCNICA DE OBRAS"},null,{"$f":"FSUP!G10","v":"APOIO À FISCALIZAÇÃO E SUPERVISÃO TÉCNICA DE CONTRATOS NA ÁREA DE ATUAÇÃO DA CODEVASF NO ESTADO DO PARÁ"}]
["DISCRIMINAÇÃO",{"$nulls":4},"VALORES"]
[{"$nulls":5},"%","R$"]
["A","ENCARGOS SOCIAIS BÁSICOS"]
["A1","INSS",null,null,null,0.2,{"$f":"F14*FSUP!$N$14","v":125993.47200000001}]
["A2","SESI",null,null,null,1.4999999999999999E-2,{"$f":"F15*FSUP!$N$14","v":9449.5103999999992}]
["A3","SENAI",null,null,null,0.01,{"$f":"F16*FSUP!$N$14","v":6299.6736000000001}]
["A4","INCRA",null,null,null,2E-3,{"$f":"F17*FSUP!$N$14","v":1259.93472}]
["A5","SEBRAE",null,null,null,6.0000000000000001E-3,{"$f":"F18*FSUP!$N$14","v":3779.8041600000001}]
["A5","SALÁRIO EDUCAÇÃO",null,null,null,2.5000000000000001E-2,{"$f":"F19*FSUP!$N$14","v":15749.184000000001}]
["A7","SEGURO CONTRA ACIDENTES TRABALHO",null,null,null,0.03,{"$f":"F20*FSUP!$N$14","v":18899.020799999998}]
["A8","FGTS",null,null,null,0.08,{"$f":"F21*FSUP!$N$14","v":50397.388800000001}]
["A9","SECONCI",null,null,null,0.01,{"$f":"F22*FSUP!$N$14","v":6299.6736000000001}]
["SUBTOTAL DE \"A\"",{"$nulls":4},{"$f":"ROUND(SUM(F14:F22),4)","v":0.378},{"$f":"SUM(G14:G22)","v":238127.66208000001}]
[]
["B"," ENCARGOS SOCIAIS QUE RECEBEM INCIDÊNCIA DE \"A\""]
["B1","REPOUSO SEMANAL REMUNERADO",null,null,null,"NÃO INCIDENTE"]
["B2","FERIADOS",null,null,null,"NÃO INCIDENTE"]
["B3","AUXÍLIO-ENFERMIDADE",null,null,null,6.8999999999999999E-3,{"$f":"F28*FSUP!$N$14","v":4346.7747840000002}]
["B4","13º SALÁRIO",null,null,null,8.3299999999999999E-2,{"$f":"F29*FSUP!$N$14","v":52476.281087999996}]
["B5","LICENÇA PATERNIDADE",null,null,null,5.9999999999999995E-4,{"$f":"F30*FSUP!$N$14","v":377.98041599999993}]
["B6","FALTAS JUSTIFICADAS",null,null,null,5.5999999999999999E-3,{"$f":"F31*FSUP!$N$14","v":3527.8172159999999}]
["B7","DIAS DE CHUVAS",null,null,null,"NÃO INCIDENTE"]
["B8","AUXILIO ACIDENTE DE TRABALHO",null,null,null,8.9999999999999998E-4,{"$f":"F33*FSUP!$N$14","v":566.97062399999993}]
["B9","FÉRIAS GOZADAS",null,null,null,9.6799999999999997E-2,{"$f":"F34*FSUP!$N$14","v":60980.840447999995}]
["B10","SALÁRIO MATERNIDADE",null,null,null,2.9999999999999997E-4,{"$f":"F35*FSUP!$N$14","v":188.99020799999997}]
["SUBTOTAL DE  \"B\"",{"$nulls":4},{"$f":"SUM(F26:F35)","v":0.19439999999999999},{"$f":"SUM(G26:G35)","v":122465.654784}]
[]
["C"," ENCARGOS SOCIAIS QUE NÃO RECEBEM INCIDÊNCIA DE \"A\""]
["C1","AVISO PRÉVIO INDENIZADO",null,null,null,0.03,{"$f":"F39*FSUP!$N$14","v":18899.020799999998}]
["C2","AVISO PRÉVIO TRABALHADO",null,null,null,6.9999999999999999E-4,{"$f":"F40*FSUP!$N$14","v":440.97715199999999}]
["C3","FÉRIAS INDENIZADAS+1/3",null,null,null,1.35E-2,{"$f":"F41*FSUP!$N$14","v":8504.5593599999993}]
["C4","DEPÓSITO RESCISÃO SEM JUSTA CAUSA",null,null,null,3.7600000000000001E-2,{"$f":"F42*FSUP!$N$14","v":23686.772735999999}]
["C5","INDENIZAÇÃO ADICIONAL",null,null,null,2.5000000000000001E-3,{"$f":"F43*FSUP!$N$14","v":1574.9184}]
["SUBTOTAL DE \"C\"",{"$nulls":4},{"$f":"ROUND(SUM(F39:F43),4)","v":8.43E-2},{"$f":"SUM(G39:G43)","v":53106.248447999998}]
[]
["D"," REINCIDÊNCIAS"]
["D1","Reincidência de A sobre B",null,null,null,7.3499999999999996E-2,{"$f":"F47*FSUP!$N$14","v":46302.600959999996}]
["D2","Reincidência de A sobre Aviso Prévio Trabalhado + Reincidência de FGTS sobre Aviso Prévio Indenizado",null,null,null,2.7000000000000001E-3,{"$f":"F48*FSUP!$N$14","v":1700.9118720000001}]
["SUBTOTAL DE \"D\"",{"$nulls":4},{"$f":"SUM(F47:F48)","v":7.619999999999999E-2},{"$f":"SUM(G47:G48)","v":48003.512831999993}]
[]
["TOTAIS DE ENCARGOS SOCIAIS",{"$nulls":4},{"$f":"ROUND(F23+F36+F44+F49,4)","v":0.7329},{"$f":"G23+G36+G44+G49","v":461703.07814399997}]
["NOME DO INFORMANTE:",null,null,"QUALIFICAÇÃO:"]
[{"$f":"FSUP!A38","v":0},null,null,{"$f":"FSUP!J38","v":"ANALISTA EM DESENVOLVIMENTO REGIONAL DA CODEVASF"}]
["ASSINATURA:",{"$nulls":4},"DATA:"]
[{"$nulls":5},{"$f":"FSUP!N40","v":"00:00:00"}]
["Observação:"]

{"sheet":"FSUP-VIII","index":7,"n_rows":29,"n_cols":8,"rows_kept":29,"cut":false,"hidden":false,"merged":[[4,0,5,6],[25,0,25,1],[25,2,25,7],[26,0,26,4],[26,5,26,7],[6,0,6,7],[7,0,7,7],[8,2,8,5],[9,0,9,1],[9,2,9,5],[27,0,27,4],[27,5,27,7],[10,2,10,4],[10,6,10,7],[23,0,23,5],[24,0,24,1],[24,2,24,7]]}
[null,"      Ministério da Integração Nacional - MI"]
[null,"      Companhia de Desenvolvimento dos Vales do São Francisco e do Parnaíba"]
[]
[]
["CRONOGRAMA FINANCEIRO",{"$nulls":6},"CODIGO:"]
[{"$nulls":7},"FSUP-VIII"]
["NOME DA CONSULTORA:"]
[{"$f":"FSUP!A8","v":0}]
["PROJETO:",null,"OBJETO:",{"$nulls":4},"EDITAL:"]
[{"$f":"FSUP!A10","v":"APOIO À FISCALIZAÇÃO E SUPERVISÃO TÉCNICA DE OBRAS"},null,{"$f":"FSUP!G10","v":"APOIO À FISCALIZAÇÃO E SUPERVISÃO TÉCNICA DE CONTRATOS NA ÁREA DE ATUAÇÃO DA CODEVASF NO ESTADO DO PARÁ"}]
["Nº","TAREFA","RELATÓRIO / SERVIÇO DE CAMPO",null,null,"MESES\nCORRIDOS","VALOR DA PARCELA (R$)"]
[1,"APOIO À FISCALIZAÇÃO E SUPERVISÃO TÉCNICA DE OBRAS","RELATÓRIO MENSAL 01",null,null,30,{"$f":"#REF!*(1+0.1)*(1+0.1662)","v":{"$error":"#REF!"}},{"$f":"FSUP!$N$36/12","v":207065.58916666664}]
[2,"APOIO À FISCALIZAÇÃO E SUPERVISÃO TÉCNICA DE OBRAS","RELATÓRIO MENSAL 02",null,null,{"$f":"F12+30","v":60},{"$f":"(#REF!-#REF!*(1+0.1)*(1+0.1662))*8/100","v":{"$error":"#REF!"}},{"$f":"FSUP!$N$36/12","v":207065.58916666664}]
[3,"APOIO À FISCALIZAÇÃO E SUPERVISÃO TÉCNICA DE OBRAS","RELATÓRIO MENSAL 03",null,null,90,{"$f":"(#REF!-#REF!*(1+0.1)*(1+0.1662))*5/100","v":{"$error":"#REF!"}},{"$f":"FSUP!$N$36/12","v":207065.58916666664}]
[4,"APOIO À FISCALIZAÇÃO E SUPERVISÃO TÉCNICA DE OBRAS","RELATÓRIO MENSAL 04",null,null,120,{"$f":"(#REF!-#REF!*(1+0.1)*(1+0.1662))*7.5/100","v":{"$error":"#REF!"}},{"$f":"FSUP!$N$36/12","v":207065.58916666664}]
[5,"APOIO À FISCALIZAÇÃO E SUPERVISÃO TÉCNICA DE OBRAS","RELATÓRIO MENSAL 05",null,null,150,{"$f":"(#REF!-#REF!*(1+0.1)*(1+0.1662))*7.5/100","v":{"$error":"#REF!"}},{"$f":"FSUP!$N$36/12","v":207065.58916666664}]
[6,"APOIO À FISCALIZAÇÃO E SUPERVISÃO TÉCNICA DE OBRAS","RELATÓRIO MENSAL 06",null,null,180,{"$f":"(#REF!-#REF!*(1+0.1)*(1+0.1662))*9/100","v":{"$error":"#REF!"}},{"$f":"FSUP!$N$36/12","v":207065.58916666664}]
[7,"APOIO À FISCALIZAÇÃO E SUPERVISÃO TÉCNICA DE OBRAS","RELATÓRIO MENSAL 07",null,null,210,{"$f":"(#REF!-#REF!*(1+0.1)*(1+0.1662))*9/100","v":{"$error":"#REF!"}},{"$f":"FSUP!$N$36/12","v":207065.58916666664}]
[8,"APOIO À FISCALIZAÇÃO E SUPERVISÃO TÉCNICA DE OBRAS","RELATÓRIO MENSAL 08",null,null,240,{"$f":"(#REF!-#REF!*(1+0.1)*(1+0.1662))*9/100","v":{"$error":"#REF!"}},{"$f":"FSUP!$N$36/12","v":207065.58916666664}]
[9,"APOIO À FISCALIZAÇÃO E SUPERVISÃO TÉCNICA DE OBRAS","RELATÓRIO MENSAL 09",null,null,270,{"$f":"(#REF!-#REF!*(1+0.1)*(1+0.1662))*9/100","v":{"$error":"#REF!"}},{"$f":"FSUP!$N$36/12","v":207065.58916666664}]
[10,"APOIO À FISCALIZAÇÃO E SUPERVISÃO TÉCNICA DE OBRAS","RELATÓRIO MENSAL 10",null,null,300,{"$f":"(#REF!-#REF!*(1+0.1)*(1+0.1662))*9/100","v":{"$error":"#REF!"}},{"$f":"FSUP!$N$36/12","v":207065.58916666664}]
[11,"APOIO À FISCALIZAÇÃO E SUPERVISÃO TÉCNICA DE OBRAS","RELATÓRIO MENSAL 11",null,null,330,{"$f":"(#REF!-#REF!*(1+0.1)*(1+0.1662))*9/100","v":{"$error":"#REF!"}},{"$f":"FSUP!$N$36/12","v":207065.58916666664}]
[12,"APOIO À FISCALIZAÇÃO E SUPERVISÃO TÉCNICA DE OBRAS","RELATÓRIO MENSAL 12",null,null,360,null,{"$f":"FSUP!$N$36/12","v":207065.58916666664}]
["TOTAL",{"$nulls":5},{"$f":"SUM(G12:G23)","v":{"$error":"#REF!"}},{"$f":"SUM(H12:H23)","v":2484787.0699999998}]
["NOME DO INFORMANTE:",null,"QUALIFICAÇÃO:"]
[{"$f":"FSUP!A38","v":0},null,{"$f":"FSUP!J38","v":"ANALISTA EM DESENVOLVIMENTO REGIONAL DA CODEVASF"}]
["ASSINATURA:",{"$nulls":4},"DATA:"]
[{"$nulls":5},{"$f":"FSUP!N40","v":"00:00:00"}]
["OBSERVAÇÃO:"]

{"sheet":"PESQUISA DE PREÇOS","index":8,"n_rows":29,"n_cols":81,"rows_kept":29,"cut":false,"hidden":false,"merged":[[22,32,22,35],[1,1,1,3],[1,6,1,12],[1,16,1,17],[1,20,1,23],[1,32,1,34],[1,42,1,48],[1,52,1,58],[1,62,1,68],[1,72,1,78],[6,16,6,17],[1,37,1,39]]}
["PA",null,null,null,"2.1",{"$nulls":8},"2.2",{"$nulls":4},"2.3",{"$nulls":5},"2.4",null,null,"2.5",null,null,"2.6",{"$nulls":4},"2.7",{"$nulls":4},"2.8",{"$nulls":9},"3.1",{"$nulls":9},"3.2",{"$nulls":9},"3.3",{"$nulls":9},"3.4"]
["PA","ALUGUEL DE SALA COMERCIAL",null,null,{"$f":"AVERAGE(E4:E8)","v":1615},null,"MOBILIÁRIO",{"$nulls":6},{"$f":"(AVERAGE(N4:N6)+AVERAGE(N7:N9)+AVERAGE(N10:N12))","v":163.14450000000002},{"$f":"(AVERAGE(O4:O6)+AVERAGE(O7:O9)+AVERAGE(O10:O12))","v":13.595375000000001},null,"PLANO INTERNET FIXO",null,{"$f":"AVERAGE(S4:S6)","v":106.62666666666667},null,"PLANO CELULAR/ INTERNET MÓVEL",null,null,null,{"$f":"AVERAGE(V4:Y13)","v":60.081000000000003},null,"ENERGIA ELÉTRICA (EQUATORIAL)",{"$f":"(AB3*AB4)","v":268.08949999999999},null,"ÁGUA E ESGOTO - Cosanpa",{"$f":"AE9+AE10","v":182.82999999999998},null,"MATERIAL P/ ESCRITÓRIO",null,null,{"$f":"SUM(AJ4:AJ20)","v":84.649999999999991},null,"MATERIAL LIMPEZA",null,null,{"$f":"SUM(AO4:AO13)","v":39.734166666666667},null,"ALUGUEL DE NOTEBOOK",{"$nulls":6},{"$f":"AVERAGE(AX4:AX9)","v":753.20346666666671},{"$f":"AVERAGE(AY4:AY9)","v":62.833333333333336},null,"ALUGUEL DE IMPRESSORAS",{"$nulls":6},{"$f":"AVERAGE(BH4:BH9)","v":269.56773333333331},{"$f":"AVERAGE(BI4:BI9)","v":22.333333333333332},null,"ALUGUEL DE ESTAÇÃO TOTAL E ACESSÓRIOS",{"$nulls":6},{"$f":"AVERAGE(BR4:BR6)","v":3139.3119999999999},{"$f":"AVERAGE(BS4:BS6)","v":261.66666666666669},null,"ALUGUEL GPS",{"$nulls":6},{"$f":"AVERAGE(CB4:CB6)","v":212.88480000000001},{"$f":"AVERAGE(CC4:CC6)","v":17.666666666666668}]
[null,"Endereço","Descrição","Contato","Valor c/ condomínio",null,"Loja","Item","Frete","Valor s/ frete","VN (Equipamento novo + frete)","VR \n(Valor residual)","VU\nVida Útil\n(Anos)","Depreciação/ ano","Aluguel mensal",null,"Empresa","Capacidade","Valor",null,"Velocidade","Tim","Claro","Vivo","Oi",null,"Quantidade (Kwh)",350,null,"Tipo de consumo","Comercial",null,"Descrição","Qtde/ano","Valor unitário","Total/mês",null,"Descrição","Qtde/ano","Valor unitário","Total/mês",null,"Loja","Configuração","Frete","Valor do equipamento","VN (Equipamento novo + frete)","VR \n(Valor residual)","VU\nVida Útil\n(Anos)","Depreciação/ ano","Aluguel mensal",null,"Loja","Configuração","Frete","Valor do equipamento","VN (Equipamento novo + frete)","VR \n(Valor residual)","VU\nVida Útil\n(Anos)","Depreciação/ ano","Aluguel mensal",null,"Loja","Configuração","Frete","Valor do equipamento","VN (Equipamento novo + frete)","VR \n(Valor residual)","VU\nVida Útil\n(Anos)","Depreciação/ ano","Aluguel mensal",null,"Loja","Configuração","Frete","Valor do equipamento","VN (Equipamento novo + frete)","VR \n(Valor residual)","VU\nVida Útil\n(Anos)","Depreciação/ ano","Aluguel mensal"]
[null,"Edifício Palladium Center na José Malcher esquina com Doca, Sao Bras, Belém - PA","46 m², condomínio R$ 275 (já incluso no valor - ver fórmula)","Viva Real",{"$f":"1300+275","v":1575},null,"Maiart","MESA ECONÔMICA COM 3 GAVETAS 1,50X0,60",269.42,495,{"$f":"SUM(I4:J4)","v":764.42000000000007},0.1,10,{"$f":"(K4-(L4*K4))/M4","v":68.797800000000009},{"$f":"N4/12","v":5.7331500000000011},null,"Gnex","200 Mega",139.9,null,"8GB",null,null,59.99,null,null,"Valor Unitário",0.76597000000000004,null,"Consumo diário de água/ pessoa para escritório:",50,null,"Caneta Esferográfica BIC Cristal Dura Mais, A Clássica, Azul, Ponta Média de 1.0mm",20,{"$f":"5.8/4","v":1.45},{"$f":"(AH4*AI4)/12","v":2.4166666666666665},null,"Alcool em Gel 420 G",12,14.4,{"$f":"(AM4*AN4)/12","v":14.4},null,"Ponto Frio","Intel Core i5 1135G7 2,4 Ghz - 8GB RAM - 256 GB SSD",150.76,5799.9,{"$f":"SUM(AS4:AT4)","v":5950.66},0.2,5,{"$f":"(AU4-(AV4*AU4))/AW4","v":952.10560000000009},{"$f":"ROUND(AX4/12,0)","v":79},null,"Magalu","Impressora Mutifuncional Epson EcoTank L5190 - Tinta",39.42,1580.07,{"$f":"SUM(BC4:BD4)","v":1619.49},0.2,5,{"$f":"(BE4-(BF4*BE4))/BG4","v":259.11840000000001},{"$f":"ROUND(BH4/12,0)","v":22},null,"Mercado Livre","Estação Total Kolida Cts-632r6 C/ acessórios",0,20099,{"$f":"SUM(BM4:BN4)","v":20099},0.2,5,{"$f":"(BO4-(BP4*BO4))/BQ4","v":3215.84},{"$f":"ROUND(BR4/12,0)","v":268},null,"Garmin","GPS Garmin Etrex 10",0,1299,{"$f":"SUM(BW4:BX4)","v":1299},0.2,5,{"$f":"(BY4-(BZ4*BY4))/CA4","v":207.84},{"$f":"ROUND(CB4/12,0)","v":17}]
[null,"Marco, Belém - PA","sala comercial Infinity Corporate 33,60m² de área privativa possuindo lavabo, iluminação em led, piso em vinílico, com mobílias: 3 mesas, 5 cadeiras, 2 centrais de ar split\nPrédio novo com infraestrutura completa, auditório, café, mall de lojas, gerador, 8 elevadores, estacionamento rotativo.","Viva Real",1500,null,"Amazon","MESA ECONÔMICA COM 3 GAVETAS 1,50X0,60",304.98,550,{"$f":"SUM(I5:J5)","v":854.98},0.1,10,{"$f":"(K5-(L5*K5))/M5","v":76.9482},{"$f":"N5/12","v":6.41235},null,"Claro","125 Mega ",79.989999999999995,null,"9GB",null,null,70.989999999999995,{"$nulls":5},"Equipe:",13,null,"Caderno 80 (fls)",13,11,{"$f":"(AH5*AI5)/12","v":11.916666666666666},null,"Água Sanitária",12,7.8,{"$f":"(AM5*AN5)/12","v":7.8},null,"Magalu","Intel Core i5 1135G7 2,4 Ghz - 8GB RAM - 256 GB SSD",275.89999999999998,6000,{"$f":"SUM(AS5:AT5)","v":6275.9},0.2,5,{"$f":"(AU5-(AV5*AU5))/AW5","v":1004.1439999999999},{"$f":"ROUND(AX5/12,0)","v":84},null,"Kalunga","Impressora Mutifuncional Epson EcoTank L5190 - Tinta",51.52,1844.1,{"$f":"SUM(BC5:BD5)","v":1895.62},0.2,5,{"$f":"(BE5-(BF5*BE5))/BG5","v":303.29919999999998},{"$f":"ROUND(BH5/12,0)","v":25},null,"Magalu","Estação Total Kolida Cts-632r10 C/ acessórios",208.55,20329,{"$f":"SUM(BM5:BN5)","v":20537.55},0.2,5,{"$f":"(BO5-(BP5*BO5))/BQ5","v":3286.0080000000003},{"$f":"ROUND(BR5/12,0)","v":274},null,"Magalu","GPS Garmin Etrex 10",86.9,1279.6500000000001,{"$f":"SUM(BW5:BX5)","v":1366.5500000000002},0.2,5,{"$f":"(BY5-(BZ5*BY5))/CA5","v":218.64800000000005},{"$f":"ROUND(CB5/12,0)","v":18}]
[null,"Avenida Governador José Malcher, 937 - Nazaré, Belém - PA","Sala medindo 32 m², com banheiro. Estacionamento rotativo.","Viva Real",1900,null,"Móveis Milani","MESA ECONÔMICA COM 3 GAVETAS 1,50X0,60",269.42,550,819.42000000000007,0.1,10,{"$f":"(K6-(L6*K6))/M6","v":73.747800000000012},6.1456500000000007,null,"Claro ","250 Mega ",99.99,null,"10GB",{"$nulls":8},"Consumo diário:",{"$f":"AE4*AE5","v":650},null,"Bloco autoadesivo c/ 450 fls",8,38,25.333333333333332,null,"Detergente",5,2.6,1.0833333333333333,null,"Kabum","Intel Core i5 1135G7 2,4 Ghz - 8GB RAM - 256 GB SSD",48.33,5299.9,5348.23,0.2,5,855.71679999999992,71,null,"Amazon","Impressora Mutifuncional Epson EcoTank L5190 - Tinta",0,2209.9,2209.9,0.2,5,353.584,29,null,"Casas Bahia","Estação Total Kolida Cts-632r10 C/ acessórios",208.55,18017,18225.55,0.2,5,2916.0879999999997,243,null,"Extra","GPS Garmin Etrex 10",77.040000000000006,1249,1326.04,0.2,5,212.16639999999998,18]
[null,"Ed. Infante de Sagres.\nEndereço - Rua Senador Manoel Barata, n° 718 - Campina.\nEntre Av. Pres. Vargas e Tv. 1° de Março.","45m2, distribuídos da seguinte forma: 03 (três) salas, sendo 02 (duas) com armários, 02 (duas) recepções, copa e banheiro social.","Viva Real",1300,null,"Madeira Madeira","CADEIRA DE ESCRITÓRIO SECRETÁRIA GIRATÓRIA COM BRAÇOS",158.68,278.12,436.8,0.1,10,{"$f":"(K7-(L7*K7))/M7","v":39.311999999999998},3.2759999999999998,null,"PLANO TELEFONE + INTERNET FIXO",null,{"$f":"AVERAGE(S8:S10)","v":113.29333333333334},null,"12 GB",null,49.99,null,39.99,{"$nulls":4},"Dias úteis:",22,null,"Pasta c/ Elástico 235mmx335mm",5,4.5,1.875,null,"Limpa-Vidros",5,4.5,1.875,null,"Kabum","Intel Core i5 10210U - 8GB RAM - 256 GB SSD",42.96,3899.9,3942.86,0.2,5,630.85760000000005,53,null,"Extra","Impressora HP Laser 135A",299.92,1599,1898.92,0.2,5,303.8272,25]
[null,"Avenida Conselheiro Furtado, 2865 - Cremação, Belém - PA","32 m2 e com divisões internas","Viva Real",1800,null,"Magalu","CADEIRA DE ESCRITÓRIO SECRETÁRIA GIRATÓRIA COM BRAÇOS",132.15,265.91000000000003,398.06000000000006,0.1,10,{"$f":"(K8-(L8*K8))/M8","v":35.825400000000002},2.9854500000000002,null,"Oi","400 Mega",99.9,null,"10GB",{"$nulls":8},"Consumo mensal:",{"$f":"AE6*AE7","v":14300},null,"Clipes (500g)",3,17.899999999999999,4.4749999999999996,null,"Multiuso 500 ml",5,4.7,1.9583333333333333,null,"Magalu","Intel Core i5 10210U - 8GB RAM - 256 GB SSD",101.22,3254.07,3355.29,0.2,5,536.84640000000002,45,null,"Kalunga","Impressora HP Laser 135A",67.790000000000006,1196.0999999999999,1263.8899999999999,0.2,5,202.22239999999996,17]
[{"$nulls":6},"Extra","CADEIRA DE ESCRITÓRIO SECRETÁRIA GIRATÓRIA COM BRAÇOS",158.68,362.55,521.23,0.1,10,{"$f":"(K9-(L9*K9))/M9","v":46.910700000000006},3.9092250000000006,null,"Claro (c/ telefone)","125 Mega ",109.99,null,"20GB",49.99,59.99,{"$nulls":6},"Tarifa - Água\n(Até 15m³)",114.27,null,"Grampeador 26/6 20 fl",1,31.9,2.6583333333333332,null,"Esponja multiuso - 3 un",4,4.9000000000000004,1.6333333333333335,null,"Americanas","Intel Core i5 10210U - 8GB RAM - 256 GB SSD",73.19,3299,3372.19,0.2,5,539.55039999999997,45,null,"Magalu","Impressora HP Laser 135A",12.9,1208.07,1220.97,0.2,5,195.35520000000002,16]
[{"$nulls":6},"Leroy Merlin","ARMÁRIO ALTO PARA ESCRITÓRIO ME4151",213.54,369.9,583.43999999999994,0.1,10,52.509599999999999,4.3757999999999999,null,"Claro (c/ telefone)","250 Mega ",129.99,null,"25GB",54.99,{"$nulls":7},"Tarifa - Esgoto",68.56,null,"Grampo 26/6 (5000 un)",5,9.1,3.7916666666666665,null,"Vassoura",1,15.59,1.2991666666666666]
[{"$nulls":6},"Marabraz","ARMÁRIO ALTO PARA ESCRITÓRIO ME4151",126.97,379.02,505.99,0.1,10,45.539100000000005,3.7949250000000005,{"$nulls":5},"26 GB",64.989999999999995,{"$nulls":10},"Envelope CX 100 Un",2,36,6,null,"Rodo",1,29.03,2.4191666666666669]
[{"$nulls":6},"Panorama","ARMÁRIO ALTO PARA ESCRITÓRIO ME4151",212.54,341.27,553.80999999999995,0.1,10,49.8429,4.153575,{"$nulls":5},"100GB",null,null,null,49.99,{"$nulls":7},"Cola branca 225g lavável",2,12.2,2.0333333333333332,null,"Pano de chão  40x60",6,11.74,5.87]
[{"$nulls":20},"Ilimitado",null,null,null,99.9,{"$nulls":7},"Fita adesiva  48mmx45m transparente",5,7.2,3,null,"Flanela Algodão",5,3.35,1.3958333333333333]
[{"$nulls":32},"Fita adesiva 12mmx30m transparente",5,4.5999999999999996,1.9166666666666667]
[{"$nulls":32},"Régua em poliestireno 30 cm transparente",2,3.3,0.54999999999999993]
[{"$nulls":32},"Tesoura uso geral 21cm",2,15.2,2.5333333333333332]
[{"$nulls":32},"Extrator de grampo espátula galvanizado",2,6.9,1.1500000000000001]
[{"$nulls":32},"Recarga tonner",null,{"$f":"AVERAGE(AH26:AJ26,AH29:AJ29)","v":254.1866666666667},0]
[{"$nulls":32},"Carimbo 55x35mm",{"$f":"10","v":10},18,15]
[{"$nulls":32},"Papel A4 (500 fls)",null,24.9,0]
[]
[]
[{"$nulls":32},"Recarga impressora"]
[{"$nulls":32},"Impressora Mutifuncional Epson EcoTank L5190 - Tinta",52.5,52.9,217.6]
[{"$nulls":32},"Peso",4,4,1]
[{"$nulls":32},"Valor por mês",{"$f":"AH24*AH25","v":210},{"$f":"AI24*AI25","v":211.6},217.6]
[{"$nulls":32},"Cartucho toner p/HP preto 105AB W1105AB HP",339.9,199.02,347]
[{"$nulls":32},"Peso",1,1,1]
[{"$nulls":32},"Valor por mês",{"$f":"AH27*AH28","v":339.9},{"$f":"AI27*AI28","v":199.02},347]